Mitteleuropa

Salvato in:
Dettagli Bibliografici
Natura: Libro
Lingua:tedesco
Pubblicazione: Berlin Georg Reimer 1915
Tags: Aggiungi Tag
Nessun Tag, puoi essere il primo ad aggiungerne!!

MARC

LEADER 00000nam a2200000 4500
001 0303771
005 20240822085644.9
041 0 |a ger 
044 |a DE 
245 1 0 |a Mitteleuropa  |c Friedrich Naumann 
264 1 |a Berlin  |b Georg Reimer  |c 1915